| 000 | 00756nam a2200253Ia 4500 | ||
|---|---|---|---|
| 003 | GCL | ||
| 008 | 140319s9999 xx 000 0 ara d | ||
| 040 |
_aGCL / _cGCL |
||
| 082 | 0 | 4 |
_a157.6 _bس ع |
| 100 | 1 | _aعبدالرحمن عيسوى | |
| 245 | 1 | 0 |
_aسيكولوجية الادمان وعلاجة / _cعبدالرحمن عيسوى |
| 260 |
_aالقاهرة : _bدار النهضة العربية ، _c1993 |
||
| 300 |
_a297 ص ؛ _c12 سم |
||
| 490 | _a | ||
| 650 | 0 | 4 | _aادمان المخدرات |
| 650 | 0 | 4 | _aعلم النفس |
| 650 | 0 | 4 | _aالطب النفسى |
| 650 | 0 | 4 | _aالحشيش |
| 650 | 0 | 4 | _aالافيون |
| 650 | 0 | 4 | _aالهيرويين |
| 650 | 0 | 4 | _aالمدمنون |
| 650 | 0 | 4 | _aالادمان |
| 942 |
_2ddc _cBK |
||
| 999 |
_c41038 _d41038 |
||